000 00629nam a22001817a 4500
003 UA-OsUOA
001 15325
007 ta
008 20031106b un ||||| |||| 00| 0 ukr d
100 _aМатвіїв А.
942 _cSA
040 _aUA-OsUOA
_cUA-OsUOA
_dUA-OsUOA
245 _aТиша та білі сни
_b[Побачила світ кн. рівнен. поетеси М.Шершень "Нерозхлюпана тиша білих снігів]
300 _aС.15
955 _a0
773 0 _w0
_tРівне вечірнє
_dРівне
_d2003
_g№57/8 серп./
650 7 _aКраєзнавча робота
_2UDC
999 _c301490
_d301490